Riadenie kreditného rizika vo vybranej komerčnej banke diplomová práca

Salvato in:
Dettagli Bibliografici
Autore principale: Mika, Jozef
Ente Autore: Národohospodárska fakulta EU. Katedra bankovníctva a medzinárodných financií
Altri autori: Belás, Jaroslav
Natura: Libro
Lingua:slovacco
Pubblicazione: Bratislava 2010
Tags: Aggiungi Tag
Nessun Tag, puoi essere il primo ad aggiungerne!!

MARC

LEADER 00000nam a2200000 4500
001 0119527
005 20230113084136.5
041 0 |a slo 
044 |a SK 
245 1 0 |a Riadenie kreditného rizika vo vybranej komerčnej banke  |b diplomová práca  |c Jozef Mika ; škol. Jaroslav Belás 
264 1 |a Bratislava  |c 2010 
300 |a 61 s. 
100 1 |a Mika, Jozef 
700 1 |a Belás, Jaroslav 
710 2 |a Národohospodárska fakulta EU. Katedra bankovníctva a medzinárodných financií